|
|
|
|
| LEADER |
00931nam a2200289 a 4500 |
| 001 |
3042 |
| 003 |
BD-DhAAL |
| 005 |
20150305094702.0 |
| 008 |
150305s1994 nyu 000 0 eng |
| 010 |
|
|
|a 89039940
|
| 020 |
|
|
|a 0942299795 (acidfree paper)
|
| 020 |
|
|
|a 0942299809 (acidfree paper)
|
| 040 |
|
|
|a DLC
|c DLC
|d DLC
|d BD-DhAAL
|
| 050 |
0 |
0 |
|a HM291
|b .D413 1994
|
| 082 |
0 |
0 |
|a 302
|2 20
|
| 100 |
1 |
|
|a Debord, Guy,
|d 1931-1994.
|9 9083
|
| 240 |
1 |
0 |
|a Société du spectacle.
|l English
|
| 245 |
1 |
4 |
|a The society of the spectacle /
|c Guy Debord.
|
| 260 |
|
|
|a New York :
|b Zone Books,
|c 1994.
|
| 300 |
|
|
|a 154 p. ;
|c 24 cm.
|
| 541 |
|
|
|e 3042
|
| 650 |
|
0 |
|a Social psychology.
|9 9084
|
| 650 |
|
0 |
|a Proletariat.
|9 9085
|
| 650 |
|
0 |
|a Social classes.
|9 9086
|
| 942 |
|
|
|2 ddc
|c BK
|
| 999 |
|
|
|c 33890
|d 33890
|
| 952 |
|
|
|0 0
|1 0
|2 ddc
|4 0
|6 302_000000000000000_DEB
|7 0
|9 52897
|a SCL
|b SCL
|c GEN
|d 2015-03-05
|l 0
|o 302 DEB
|p 3020003042
|r 2015-03-05
|t 1
|w 2015-03-05
|y BK
|